000 00483nam a2200193Ia 4500
003 GCL
008 140319s9999 xx 000 0 ara d
040 _aGCL /
_cGCL
082 0 4 _a791.435
_bف س
100 1 _aفوغل
245 1 0 _aالسينما التدميرية /
_cفوغل
700 1 _aامين صالح
300 _a231 ص
490 _a
650 0 4 _aالافلام السينمائية
650 0 4 _aالسينما
650 0 4 _aالافلام
942 _2ddc
_cBK
999 _c44197
_d44197